000 00635nam a2200265Ia 4500
005 20260121165457.0
008 008 260114s9999 xx 000 0 eng d
020 _a9783319305189
037 _aEBOOK
040 _aCRL
040 _beng
040 _cCRL
041 _2eng
041 _aeng
084 _qCRL
100 _aPing Zhang
_91052193
245 2 _aA Kaleidoscopic View of Graph Colorings
260 _bSpringer
260 _bSpringer
260 _c2016
856 _uhttps://link.springer.com/openurl?genre=book&isbn=978-3-319-30518-9
942 _cEBOOK
999 _c1617918
_d1617918